000 01236nam a2200313 c 4500
003 BLK
005 20190404091827.0
008 180409b bul|||||r ||||||| ||bul||
010 _aKNG00108378000
020 _a954-9761-33-9
_bиздат.: Световит
040 _aBLK
041 _aBUL
_cBUL
080 _aБългарска литература
_b821.163.2
_x-311.6
_z821.163.2-311.6
100 1 _aХристозов, Петър
_eпърви автор
_9370891
700 1 _aВълчев, Христо Димитров
_e*
_9366782
139 _aХристозов, Петър
_bХ 82
245 1 0 _aАденовирусът - самоубиецът
_bПолит. роман
_cПетър Христозов; * Христо Димитров Вълчев.
257 _aBGR
260 София
_bСветовит
_c2002
_fВраца : Полипринт
300 _a168 с.
_c20 см
380 _aX
500 _aПетър Христозов - псевд. на Христо Вълчев. - Офс. изд. - 700 тир.
653 _aполитически романи
852 _aЦб 216375
856 4 _qpdf
_u
856 4 _qpdf
_u
942 _cKNG
_n0
_01
944 _aCR
_c17.10.2003
_kЦветанка_Енчева
944 _aED
_c22.04.2004
_k
999 _c103304
_d103304